000
00311 a2200085 4500
020
_a
9789395664790
100
_a
Yadav Y.S.
_9
211703
245
_a
द हिरो ऑफ टायगर हिल: एका परमवीराचे आत्मकथन
260
_b
Bharatiya Vichar Sadhana Pune Prakashan
_c
2024
999
_c
365707
_d
365707